สารานุกรมไทยสำหรับเยาวชน เล่ม 28 (ระเบียนเลขที่ 39596)
| 000 -LEADER | |
|---|---|
| fixed length control field | 02181nam a22003857a 4500 |
| 005 - DATE AND TIME OF LATEST TRANSACTION | |
| control field | 20210325193251.0 |
| 008 - FIXED-LENGTH DATA ELEMENTS--GENERAL INFORMATION | |
| fixed length control field | s2547 th tha d |
| 020 ## - INTERNATIONAL STANDARD BOOK NUMBER | |
| International Standard Book Number | 9748185478 |
| 041 ## - LANGUAGE CODE | |
| Language code of text/sound track or separate title | tha |
| 090 ## - LOCALLY ASSIGNED LC-TYPE CALL NUMBER (OCLC); LOCAL CALL NUMBER (RLIN) | |
| Classification number (OCLC) (R) ; Classification number, CALL (RLIN) (NR) | อ AE60 ค962ส 2547 ล.28 |
| 110 0# - MAIN ENTRY--CORPORATE NAME | |
| Corporate name or jurisdiction name as entry element | โครงการสารานุกรมไทยสำหรับเยาวชน |
| 245 10 - TITLE STATEMENT | |
| Title | สารานุกรมไทยสำหรับเยาวชน เล่ม 28 |
| 260 3# - PUBLICATION, DISTRIBUTION, ETC. | |
| Place of publication, distribution, etc. | กรุงเทพฯ : |
| Name of publisher, distributor, etc. | โครงการสารานุกรมไทยสำหรับเยาวชน, |
| Date of publication, distribution, etc. | 2547 |
| 300 ## - PHYSICAL DESCRIPTION | |
| Extent | 309 หน้า : |
| Other physical details | ภาพประกอบ, ตาราง ; |
| Dimensions | 29 ซม. |
| 610 ## - SUBJECT ADDED ENTRY--CORPORATE NAME | |
| Corporate name or jurisdiction name as entry element | โครงการสารานุกรมไทยสำหรับเยาวชน |
| 650 04 - SUBJECT ADDED ENTRY--TOPICAL TERM | |
| Topical term or geographic name entry element | การเพาะเลี้ยงเนื้อเยื่อ |
| 650 04 - SUBJECT ADDED ENTRY--TOPICAL TERM | |
| Topical term or geographic name entry element | จารึกวัดพระเชตุพน |
| 650 04 - SUBJECT ADDED ENTRY--TOPICAL TERM | |
| Topical term or geographic name entry element | ดีเอ็นเอ |
| 650 04 - SUBJECT ADDED ENTRY--TOPICAL TERM | |
| Topical term or geographic name entry element | ตลาด |
| 650 04 - SUBJECT ADDED ENTRY--TOPICAL TERM | |
| Topical term or geographic name entry element | ทุเรียน |
| 650 04 - SUBJECT ADDED ENTRY--TOPICAL TERM | |
| Topical term or geographic name entry element | บุหรี่ |
| 650 04 - SUBJECT ADDED ENTRY--TOPICAL TERM | |
| Topical term or geographic name entry element | บุหรี่ -- การควบคุมและป้องกัน |
| 650 04 - SUBJECT ADDED ENTRY--TOPICAL TERM | |
| Topical term or geographic name entry element | บุหรี่ -- ผลกระทบ |
| 650 04 - SUBJECT ADDED ENTRY--TOPICAL TERM | |
| Topical term or geographic name entry element | พลาสติก |
| 650 04 - SUBJECT ADDED ENTRY--TOPICAL TERM | |
| Topical term or geographic name entry element | วัด |
| 650 04 - SUBJECT ADDED ENTRY--TOPICAL TERM | |
| Topical term or geographic name entry element | สารานุกรม |
| 650 04 - SUBJECT ADDED ENTRY--TOPICAL TERM | |
| Topical term or geographic name entry element | เทคโนโลยีชีวภาพ |
| 650 04 - SUBJECT ADDED ENTRY--TOPICAL TERM | |
| Topical term or geographic name entry element | แผ่นดินไหว |
| 650 04 - SUBJECT ADDED ENTRY--TOPICAL TERM | |
| Topical term or geographic name entry element | โรงไฟฟ้านิวเคลียร์ |
| 650 04 - SUBJECT ADDED ENTRY--TOPICAL TERM | |
| Topical term or geographic name entry element | โรงไฟฟ้านิวเคลียร์แผ่นดินไหวเทคโนโลยีชีวภาพสารานุกรมวัดพลาสติกบุหรี่ -- ผลกระทบบุหรี่ -- การควบคุมและป้องกันบุหรี่ทุเรียนตลาดดีเอ็นเอจารึกวัดพระเชตุพนการเพาะเลี้ยงเนื้อเยื่อ |
| 850 ## - HOLDING INSTITUTION | |
| Holding institution | NALT |
| 942 ## - ADDED ENTRY ELEMENTS (KOHA) | |
| Koha item type | Reference Book |
| 997 ## - | |
| -- | 000000000039596 |
| 998 ## - LOCAL CONTROL INFORMATION (RLIN) | |
| -- | BENJALUCK SUTTHIWILAI |
| Withdrawn status | Lost status | Damaged status | Not for loan | Collection code | Home library | Current library | Total Checkouts | Full call number | Barcode | Date last seen | Price effective from | Koha item type |
|---|---|---|---|---|---|---|---|---|---|---|---|---|
| Reference Book collection | National Assembly Library of Thailand | National Assembly Library of Thailand | อ AE60 ค962ส 2547 ล.28 | 3961150721 | 09/06/2017 | 09/06/2017 | Reference Book |
